| 000 | 00880nam0a2200265 i 4500 | ||
|---|---|---|---|
| 001 | RU\NLR\BIBL_A\010825617 | ||
| 005 | 20240725011729.0 | ||
| 010 |
_a9785997333577 _940 |
||
| 021 |
_aRU _b2015-53408 _93154 |
||
| 035 | _a(NLR Aleph) 010825617 | ||
| 090 |
_a10262676 _c10262676 |
||
| 100 | _a20150826d2015 k y0rusy50 ca | ||
| 101 | 0 | _arus | |
| 102 | _aRU | ||
| 105 | _ay|||z|||000gy | ||
| 200 | 1 |
_aО Золотых периодах жизни, пропитанных красотой… _eстихотворения _fИван Тебин |
|
| 210 |
_aМосква _cСпутник+ _d2015 |
||
| 215 |
_a181 с. _d20 |
||
| 686 | 2 | _aШ6(2=Р)8-5 | |
| 700 | 1 |
_aТебин _bИ. П. _gИван Павлович |
|
| 942 | _cBOOK | ||
| 980 | _aNBR | ||